000 00896nam a2200265 i 4500
003 EG-ScBUE
005 20250525123222.0
008 250429s1979 enka f 000 0 eng d
020 _a0304302899
040 _aEG-ScBUE
_beng
_erda
_cEG-ScBUE
_dEG-ScBUE
082 0 4 _a532.050246
_bASH
_222
100 1 _aAshcroft, P. J.,
_eauthor.
245 1 0 _aTechnician fluid dynamics 1 /
_cP.J. Ashcroft, C.G.L.I., T.Eng. (C.E.I.), M. I. plant. E. and N. J. Cooper, C.G.L.I., B.Sc. (Hons.), T.Eng (C.E.I.).
264 1 _aLondon :
_bCassell,
_c1979.
300 _ax, 140 pages :
_billustrations ;
_c22 cm.
336 _2rdacontent
_atext
_btxt
337 _aunmediated
_2rdamedia
_bn
338 _avolume
_bnc
_2rdacarrier
490 0 _aCassell's TEC series
500 _aWith answers.
650 7 _aFluid dynamics.
_2BUEsh
655 _vReading book
700 1 _aCooper, N. J.,
_eauthor.
942 _cBB
_2ddc
999 _c5676
_d5676